000 01588nam a22002777a 4500
008 110522s2008 enk|||||r|||| 000 j eng d
020 _a1405867736
020 _a9781405867733
020 _a9781405885485(CD-ROM)
082 _222
_a428.6
_bTRI
100 _924024
_aTrimble, Irene
245 _aPirates of the Caribbean :
_bDead Man's Chest /
_cIrene Trimble ; retold by Karen Holmes.
260 _aHarlow :
_bPearson , 2008.
_c2008
300 _a56 p. :
_bcol. ill. ;
_c20 cm. +
_e2 CD-ROMs (4 3/4 in.)
490 _95756
_aPenguin readers ;
_nLevel 3
500 _aBased on characters created by Ted Elliot & Terry Rossio and Stuart Beattie and Jay Wolpert ; Written by Ted Elliott & Terry Rossio ; Based on Walt Disney's Pirates of the Caribbean; Produced by Jerry Bruckheimer ; Directed by Gore Verbinski
521 _aA2: Pre-Intermediate
650 _924027
_aPirates
_vFiction
_zCaribbean Area
650 _924028
_aTreasure troves
_vFiction
_xCaribbean Area
653 _bENG
_cMay2011
700 _924023
_aHolmes, Karen
942 _2ddc
_cBB
999 _c15361
_d15361